ბათუმის შოთა რუსთაველის სახელმწიფო უნივერსიტეტის ბიბლიოთეკა

Simulated Annealing: Theory and Applications (ბიბ.ჩანაწერი № 54273)

000 -LEADER
fixed length control field 00744nam a2200265Ia 4500
001 - CONTROL NUMBER
control field 21329
003 - CONTROL NUMBER IDENTIFIER
control field GE_BSU
008 - FIXED-LENGTH DATA ELEMENTS--GENERAL INFORMATION
fixed length control field 181216s||||||||xx |||||||||||||| ||und||
020 ## - INTERNATIONAL STANDARD BOOK NUMBER
International Standard Book Number 9027725136
040 ## - CATALOGING SOURCE
Transcribing agency GE_BSU
080 ## - UNIVERSAL DECIMAL CLASSIFICATION NUMBER
Universal Decimal Classification number 511
100 ## - MAIN ENTRY--PERSONAL NAME
Personal name Laarhoven van, P.J. M. and Aarts, E.H.L.
245 ## - TITLE STATEMENT
Title Simulated Annealing: Theory and Applications
245 ## - TITLE STATEMENT
Statement of responsibility, etc. Editor M. Hazewinkel
260 ## - PUBLICATION, DISTRIBUTION, ETC.
Place of publication, distribution, etc. Dordrecht
260 ## - PUBLICATION, DISTRIBUTION, ETC.
Name of publisher, distributor, etc. Kluwer Academic Publishers
260 ## - PUBLICATION, DISTRIBUTION, ETC.
Date of publication, distribution, etc. 1988
300 ## - PHYSICAL DESCRIPTION
Extent 187p. 24cm.
300 ## - PHYSICAL DESCRIPTION
Accompanying material Bibl.:p. 157-176., Index.: p. 177-187
653 ## - INDEX TERM--UNCONTROLLED
Uncontrolled term Simulated Annealing: Theory and Applications
653 ## - INDEX TERM--UNCONTROLLED
Uncontrolled term Теория чисел
653 ## - INDEX TERM--UNCONTROLLED
Uncontrolled term რიცხვთა თეორია
942 ## - ADDED ENTRY ELEMENTS (KOHA)
Koha item type წიგნი

არაა ხელმისაწვდომი ეგზემპლარები.